000
00273nam a22001217a 4500
003
SGT
082
_a
616.995
_b
L14S
100
_a
SHARMA,OM
245
_a
LESIONE OF SARCOIDOSIS A PROBLEM SOLVING APPROACH
260
_a
INDIA
_b
JAYPEE
_c
2014
300
_a
187
942
_2
ddc
_c
BK
999
_c
14328
_d
14328